Language Quiz

Random Language or State Quiz

Misspelled US States Blitz Quiz Stats

Quiz Updated Sep 26, 2013

Challenge
Share
Tweet
Embed
Score 0/25 Timer 01:30
1 Play Today
% Correct
Alasska
98.8%
Georgeia
98.1%
Iowe
97.4%
Arkansaw
97.4%
Michigon
97.4%
Nevadah
97.2%
Missourie
97.2%
Vermonte
95.9%
Minesota
95.5%
Wyomeng
95.3%
Missisippi
93.6%
Deleware
93.3%
New Hamshire
93.2%
% Correct
Oregan
92.9%
Colorodo
92.6%
North Dokota
92.4%
Tenessee
92.2%
Allabama
92.2%
Conneticut
92.1%
Wisconson
88.5%
Pennslyvania
83%
Ilinois
82.8%
Lousiana
80.6%
Califomia
75.7%
Massachussetts
71.9%

You're not logged in!

Compare scores with friends on all Sporcle quizzes.
Sign Up with Email
OR
Log In

You Might Also Like...

Show Comments

Extras

Top Quizzes Today


Score Distribution

Your Account Isn't Verified!

In order to create a playlist on Sporcle, you need to verify the email address you used during registration. Go to your Sporcle Settings to finish the process.